000 00695nam a2200241Ia 4500
003 OSt
005 20220925221224.0
006 a|||||r|||| 00| 0
007 ta
008 220923b |||||||| |||| 00| 0 eng d
020 _a0333241088
037 _cGeneral Book
040 _aRTL
_cRTL
_beng
041 _2eng
_aeng
082 _aX9(F551):97.3.N7, L9
100 _aMccormick B J
_9128658
245 0 _aIndustrial rations in the coal industry
260 _aLondon
_bMacmillan UK
_c1979
300 _a263p. Appendix p. 233-49
_ccm.
650 _aCoal Industry
_9229957
942 _hX9(F551):97.3.N7, L9
_cGB
_2CC
999 _c573641
_d573641